[Event "ROM-ch U08"]
[Site "Calimanesti Caciulata"]
[Date "2019.04.21"]
[Round "8"]
[White "Basturea, Ianis Stefan"]
[Black "Tanasie, Rares"]
[Result "1-0"]
[WhiteElo "1057"]
[BlackElo "1073"]
[PlyCount "107"]
[EventDate "2019.04.15"]
[EventType "swiss"]
[EventRounds "9"]
[EventCountry "ROU"]
[SourceTitle "CBM 190 Extra"]
[Source "ChessBase"]
[SourceDate "2019.07.15"]
[SourceVersion "1"]
[SourceVersionDate "2019.07.15"]
[SourceQuality "1"]

1. e4 c6 2. d4 d5 3. Nd2 dxe4 4. Nxe4 Bf5 5. Ng3 Bg6 6. h4 h6 7. Bd3 Bxd3 8. Qxd3 Nf6 9. Nf3 Nbd7 10. Bf4 Qa5+ 11. c3 e6 12. 0-0 Be7 13. Rfe1 0-0-0 14. a4 Rhe8 15. b4 Qb6 16. Nd2 a6 17. Nc4 Qa7 18. Bd6 Nb6 19. Bxe7 Rxe7 20. Nxb6+ Qxb6 21. Nf5 Ree8 22. Ne3 e5 23. Nc4 Qa7 24. Nxe5 Re7 25. Nc4 Rxe1+ 26. Rxe1 Rh8 27. Nd6+ Kc7 28. Nxf7 Rh7 29. Re7+ Kb8 30. Nd6 Rh8 31. Rxb7+ Qxb7 32. Nxb7 Kxb7 33. b5 axb5 34. axb5 cxb5 35. Qxb5+ Kc7 36. c4 Rd8 37. d5 Rd6 38. Qa5+ Kd7 39. Qa7+ Ke8 40. Qxg7 h5 41. Qg6+ Kd8 42. Qg5 Kc7 43. c5 Ra6 44. d6+ Kd7 45. Qxf6 Ra4 46. Qe7+ Kc6 47. d7 Ra1+ 48. Kh2 Rf1 49. d8Q Rxf2 50. Qb6+ Kd5 51. Qed6+ Kc4 52. Qe6+ Kc3 53. Qbb3+ Kd4 54. Qbc4# 1-0

[Event "ROM-ch U08"]
[Site "Calimanesti Caciulata"]
[Date "2019.04.17"]
[Round "3"]
[White "Tanasie, Rares"]
[Black "Gales, Randi Ioan"]
[Result "1/2-1/2"]
[WhiteElo "1073"]
[BlackElo "1312"]
[PlyCount "133"]
[EventDate "2019.04.15"]
[EventType "swiss"]
[EventRounds "9"]
[EventCountry "ROU"]
[SourceTitle "CBM 190 Extra"]
[Source "ChessBase"]
[SourceDate "2019.07.15"]
[SourceVersion "1"]
[SourceVersionDate "2019.07.15"]
[SourceQuality "1"]

1. d4 Nf6 2. Bf4 d6 3. Nc3 g6 4. e4 Bg7 5. Qd2 0-0 6. Bh6 Nbd7 7. h4 e5 8. d5 Nc5 9. f3 Nh5 10. g4 Ng3 11. Rh3 Nxf1 12. Kxf1 Bxg4 13. fxg4 Qf6+ 14. Rf3 Qxh4 15. Qg5 Qxh6 16. Qxh6 Bxh6 17. Ke2 a6 18. Re1 b5 19. b4 Nd7 20. Kd1 Rfb8 21. Ref1 Bf4 22. Nh3 g5 23. Nxf4 exf4 24. Rh3 Nf6 25. Rh6 Nxg4 26. Rh5 Ne3+ 27. Ke1 Nxf1 28. Rxg5+ Kh8 29. Kxf1 Rg8 30. Rf5 Rg3 31. Ne2 Rg7 32. Rxf4 Rag8 33. Rf5 Re8 34. Rf4 Rgg8 35. Rxf7 Rgf8 36. Rxf8+ Rxf8+ 37. Kg2 Kg7 38. Nd4 Kf6 39. Kf3 Ke5+ 40. Ke3 Rf4 41. Nc6+ Kf6 42. Kxf4 h5 43. Nd4 h4 44. Kg4 Ke5 45. Nf3+ Kxe4 46. Nxh4 Kxd5 47. Nf3 Kc4 48. a3 Kc3 49. Kg3 Kxc2 50. Nd4+ Kb2 51. Ne6 Kxa3 52. Nxc7 Kxb4 53. Nxa6+ Ka5 54. Nc7 b4 55. Kf2 b3 56. Nd5 Kb5 57. Nc3+ Kc4 58. Nb1 Kd3 59. Ke1 Kc2 60. Na3+ Kb2 61. Nc4+ Kc1 62. Ke2 Kc2 63. Na3+ Kc3 64. Nb1+ Kb2 65. Nd2 Kc2 66. Nxb3 Kxb3 67. Kd3 1/2-1/2

[Event "ROM-ch U08"]
[Site "Calimanesti Caciulata"]
[Date "2019.04.16"]
[Round "2"]
[White "Coman, Vlad Andrei"]
[Black "Tanasie, Rares"]
[Result "0-1"]
[WhiteElo "1001"]
[BlackElo "1073"]
[PlyCount "90"]
[EventDate "2019.04.15"]
[EventType "swiss"]
[EventRounds "9"]
[EventCountry "ROU"]
[SourceTitle "CBM 190 Extra"]
[Source "ChessBase"]
[SourceDate "2019.07.15"]
[SourceVersion "1"]
[SourceVersionDate "2019.07.15"]
[SourceQuality "1"]

1. e4 d5 2. exd5 Qxd5 3. Nc3 Qa5 4. Nf3 c6 5. d4 Bg4 6. Be2 Nd7 7. Be3 e6 8. Qd2 Ngf6 9. 0-0-0 Bb4 10. Rhe1 0-0 11. Ne5 Bxc3 12. Qxc3 Qxa2 13. Nxg4 Qa1+ 14. Kd2 Ne4+ 15. Kd3 Nxc3 16. Rxa1 Nd5 17. Bd2 c5 18. c3 cxd4 19. cxd4 Rfe8 20. Bf3 h6 21. Rec1 a6 22. Bxd5 exd5 23. Rc7 Re4 24. Rxd7 Rxg4 25. g3 b5 26. Rxd5 Rg6 27. Rxb5 axb5 28. Rxa8+ Kh7 29. Ra7 Rf6 30. Rb7 Rxf2 31. Rxb5 Rxh2 32. Rb7 Rh3 33. b4 Rxg3+ 34. Kc2 Rg4 35. Kc3 Rg3+ 36. Kc2 Rg4 37. Bc3 Rg2+ 38. Kb3 f5 39. d5 f4 40. d6 f3 41. d7 f2 42. d8Q f1Q 43. Qd3+ Qxd3 44. b5 Rg3 45. b6 Qxc3+ 0-1